Politické, ideologické a ekonomické aspekty vedeckotechnického rozvoja /

Hlavní autor: Obrcian, Ivan
Další autoři: Voltmann, Eduard
Jazyk: Slovenština
Vydáno: Bratislava : Pravda, 1985
Vydání: 1.vyd.
Edice: Na pomoc ekonomickej propagande a agitácii
Fyzický popis: 122 s.
Knihy
Uloženo v:
LEADER 00843nam a2200253 a 4500
001 000435437
003 CZ BrMZK
005 19990305143423.0
007 ta
008 990305s1985 xo f slo d
040 |a BOA001  |b cze 
080 |a 330.341.1  |2 MRF 
080 |a 001.89  |2 MRF 
100 1 |a Obrcian, Ivan  |7 jx20090613014  |4 aut 
245 1 0 |a Politické, ideologické a ekonomické aspekty vedeckotechnického rozvoja /  |c Zost. Ivan Obrcian a Eduard Voltman 
250 |a 1.vyd. 
260 |a Bratislava :  |b Pravda,  |c 1985 
300 |a 122 s. 
490 1 |a Na pomoc ekonomickej propagande a agitácii 
700 1 |a Voltmann, Eduard  |4 aut 
830 0 |a Na pomoc ekonomickej propagande a agitácii 
910 |a BOA001  |b 2-0889.179 
990 |a BK 
996 7 |b 2619207839  |c 2-0889.179  |l MZK  |r Sklad / do 1 hodiny  |n 0  |w 000435437  |u 000010  |a 1  |e BOA001  |j MZK50  |s A